00682nam a2200241 a 4500001001300000003000900013005001700022008004100039020000800080082001600088100001500104245004000119260003500159300000900194500003500203505001000238650003500248700001500283902000800298942000700306952011200313999001500425nice12345678IN_TiNIC20260116011405.0050524s0000 agra grp 000 0 eng  ac000a297.55bRAH aRahim, J A aReport of the Special Hajj Inquiry. aAgrabMufeed-E-Aam Pressc0000 a157p aincludes index and biblioraphy2 aindex aMuslim Pilgrims and Pilgrimage1 aRahim, J A bSRS cBK 001040708StackRoom-aHMIbHMId2005-05-24g0.00l0o297.55 RAHp00813r2005-05-24v0.00w2005-05-24yBK c1105d1105